000
00276pam a2200121 a 4500
020
_c
041
_h
082
_a
659.1
_b
PAG
245
_a
Never use Pop Up Windows
_h
Textual Documents
260
_a
[s.l]:
_b
Page one Publishing ,
_c
2010.
300
_b
hard;
930
_a
5991
999
_c
239781
_d
239781